00558nam a22001697a 450000500170000000800410001702000260005804000090008404100120009308200160010510000250012124501090014626000520025530000080030765000490031570000240036420260523132303.0260523b |||||||| |||| 00| 0 eng d a9789360282158c895.00 aMAIN aEnglish a363.34bMAK aNautiyal, Anoop (ed) aMaking Molehills of Mountainsb: Tales of Uttarakhand Climate Crisis And An Uncertain Development Model  aDehradunbBishan Singh Mahindra Pal Singhc2025 a173 aUttarakhand Collection : Himalaya Collection aRaturi, Prerna (ed)